000 00753nam a2200205 a 4500
999 _c8017
_d8017
001 6487
003 BD-JhCC
005 20180217165943.0
008 180123s2000 bg |||| ||a| 000 0 ben d
035 _a(BD-JhCC)6487
040 _aBD-JhCC
_dBD-JhCC
041 _aben
082 _a395
_bALM 2000
100 _a(অবঃ) কর্নেল মোহাম্মদ দিদারুল আলম
245 _aজীবন গড়ার সিড়ি শিষ্টাচার /
_cকর্নেল মোহাম্মদ দিদারুল আলম (অবঃ)
260 _aঢাকা :
_bউদ্যোগ ও এসোসিয়েশন,
_c২০০০.
300 _a56 P. :
_c21 cm.
650 _aEtiquette
942 _2ddc
_cBK